[Event "15PCR_F"]
[Site "?"]
[Date "2006.??.??"]
[Round "?"]
[White "Pytlik, Lesek"]
[Black "Rychtecky, Pavel"]
[Result "1-0"]
[WhiteElo "2403"]
[BlackElo "2218"]
[PlyCount "53"]
[EventDate "2006.??.??"]
[SourceDate "2006.08.10"]

1. e4 c6 2. Nf3 d5 3. Nc3 Nf6 4. e5 Ne4 5. d4 Nxc3 6. bxc3 c5 7. Bb5+ Nc6 8.
O-O c4 9. Bxc6+ bxc6 10. Ba3 Qa5 11. Bb4 Qa4 12. Qe2 Bf5 13. e6 Bxe6 14. Rfe1
h5 15. Ng5 Rh6 16. Qd2 Bd7 17. Qe3 Be6 18. Qe5 Rd8 19. Rab1 h4 20. h3 Rf6 21.
Rb2 Qb5 22. Reb1 Qa6 23. Bc5 Rf5 24. Qc7 Qc8 25. Qxa7 Rxg5 26. Rb8 f6 27. Rxc8
1-0

[Event "15PCR_F"]
[Site "?"]
[Date "2006.??.??"]
[Round "?"]
[White "Kratochvil, Vaclav"]
[Black "Kotrc, Michal"]
[Result "0-1"]
[WhiteElo "2191"]
[BlackElo "2204"]
[PlyCount "108"]
[EventDate "2006.??.??"]
[SourceDate "2006.08.10"]

1. e4 c6 2. d4 d5 3. exd5 cxd5 4. c3 Bf5 5. Qb3 Qd7 6. Nf3 Nc6 7. Ne5 Nxe5 8.
dxe5 a6 9. Na3 e6 10. Nb5 Rc8 11. Be3 axb5 12. Bxb5 Rc6 13. a4 d4 14. Bxd4 Be4
15. Bxc6 Qxc6 16. f3 Bd3 17. Qb6 Qc8 18. Rd1 Ba6 19. b4 Bc4 20. Kf2 Be7 21. Rd2
Bg5 22. Be3 Bxe3+ 23. Qxe3 Ne7 24. a5 O-O 25. Qc5 Qxc5+ 26. bxc5 Nc6 27. Rd7
Nxa5 28. Rc7 Bd5 29. Ra1 Nc4 30. f4 h5 31. g3 Kh7 32. Ke2 Kg6 33. Ra7 Nb2 34.
c4 Nxc4 35. Kd3 h4 36. g4 Kh6 37. Raxb7 Bxb7 38. Rxb7 Na5 39. Ra7 Nc6 40. Rc7
Nb4+ 41. Kd4 Nd5 42. Rb7 Ra8 43. c6 Ra4+ 44. Kc5 Rxf4 45. c7 Rf2 46. Kd6 Rc2
47. c8=Q Rxc8 48. Rxf7 Kg6 49. Rf2 Kg5 50. Kxe6 Nf4+ 51. Kd7 Rc1 52. Ra2 Kxg4
53. Rd2 Kf5 54. Kd6 h3 0-1

[Event "15PCR_F"]
[Site "?"]
[Date "2006.??.??"]
[Round "?"]
[White "Kratochvil, Vaclav"]
[Black "Strnad, Martin"]
[Result "0-1"]
[WhiteElo "2191"]
[BlackElo "2241"]
[PlyCount "110"]
[EventDate "2006.??.??"]
[SourceDate "2006.08.10"]

1. e4 e5 2. Nf3 Nf6 3. d4 Nxe4 4. Bd3 d5 5. Nxe5 Nd7 6. Qe2 Nxe5 7. Bxe4 dxe4
8. Qxe4 Be6 9. Qxe5 Qd7 10. Be3 Bb4+ 11. c3 Bd6 12. Qa5 Qc6 13. f3 Bd5 14. Nd2
O-O 15. c4 Bxc4 16. Rc1 Rae8 17. Kf2 Rxe3 18. Nxc4 Re7 19. Ne5 Qe8 20. Rce1 Qd8
21. Qxa7 c5 22. Rd1 Bb8 23. Qa4 cxd4 24. Nd3 Re3 25. Rhe1 Bxh2 26. Rxe3 dxe3+
27. Kxe3 Re8+ 28. Kd2 Qg5+ 29. Kc2 b5 30. Qd4 Qxg2+ 31. Rd2 Rc8+ 32. Nc5 Bg1
33. Qd7 Qg6+ 34. Kb3 Rf8 35. Nd3 h5 36. Re2 h4 37. f4 Qh5 38. Re1 Bb6 39. Ne5
h3 40. Rh1 h2 41. a3 Be3 42. Qg4 Qh6 43. f5 Qd6 44. Qe4 Re8 45. Rxh2 Qxe5 46.
Qc6 Rb8 47. Rh3 Qd4 48. Ka2 b4 49. Qh1 Qc4+ 50. Kb1 Bh6 51. axb4 Qxb4 52. Qh2
Qe1+ 53. Ka2 Qa5+ 54. Ra3 Qd5+ 55. Ka1 Re8 0-1

[Event "15PCR_F"]
[Site "?"]
[Date "2006.??.??"]
[Round "?"]
[White "Strnad, Martin"]
[Black "Hrdy, Roman"]
[Result "1/2-1/2"]
[WhiteElo "2241"]
[BlackElo "2260"]
[PlyCount "64"]
[EventDate "2006.??.??"]
[SourceDate "2006.08.10"]

1. e4 c5 2. Nf3 d6 3. d4 cxd4 4. Nxd4 Nf6 5. Nc3 a6 6. Bg5 e6 7. f4 Qb6 8. Qd2
Qxb2 9. Rb1 Qa3 10. f5 Nc6 11. fxe6 fxe6 12. Nxc6 bxc6 13. e5 dxe5 14. Bxf6
gxf6 15. Ne4 Qxa2 16. Rd1 Be7 17. Be2 O-O 18. O-O Ra7 19. Qh6 Qxc2 20. Nxf6+
Bxf6 21. Rxf6 Qc5+ 22. Kh1 Rg7 23. Qh4 Bd7 24. Rdf1 Rxf6 25. Qxf6 Qe7 26. Qxe5
Rg5 27. Qb8+ Qe8 28. Qc7 c5 29. Bxa6 Bc6 30. Rf2 Rf5 31. Rxf5 exf5 32. Qg3+ Qg6
1/2-1/2

[Event "15PCR_F"]
[Site "?"]
[Date "2006.??.??"]
[Round "?"]
[White "Popelka, Miloslav"]
[Black "Jirku, Jaroslav"]
[Result "1/2-1/2"]
[WhiteElo "2147"]
[BlackElo "2278"]
[PlyCount "71"]
[EventDate "2006.??.??"]
[SourceDate "2006.08.10"]

1. e4 c5 2. Nf3 d6 3. d4 cxd4 4. Nxd4 Nf6 5. Nc3 a6 6. Bg5 e6 7. f4 Qb6 8. Qd2
Qxb2 9. Rb1 Qa3 10. Be2 Be7 11. O-O h6 12. Bh4 Nbd7 13. Kh1 Qa5 14. f5 e5 15.
Ne6 fxe6 16. fxe6 Nc5 17. Rxf6 gxf6 18. Bh5+ Kf8 19. Rf1 Bxe6 20. Bxf6 Bxf6 21.
Rxf6+ Ke7 22. Nd5+ Bxd5 23. Qxa5 Kxf6 24. exd5 Rad8 25. Qe1 Ke7 26. Qh4+ Kd7
27. Bg4+ Kc7 28. c4 Kb8 29. Kg1 Rdf8 30. Qe7 Ne4 31. h3 Re8 32. Qd7 Rd8 33. Qe7
Rde8 34. Qf7 Rd8 35. Qg6 Nc5 36. Be2 1/2-1/2

[Event "15PCR_F"]
[Site "?"]
[Date "2006.??.??"]
[Round "?"]
[White "Batka, Josef"]
[Black "Strnad, Martin"]
[Result "1/2-1/2"]
[WhiteElo "2260"]
[BlackElo "2241"]
[PlyCount "90"]
[EventDate "2006.??.??"]
[SourceDate "2006.08.10"]

1. e4 e5 2. Nc3 Nf6 3. Bc4 Bc5 4. d3 c6 5. Nf3 d6 6. O-O O-O 7. Bg5 h6 8. Bh4
Bg4 9. h3 Bxf3 10. Qxf3 Nbd7 11. Ne2 Qc7 12. a4 Rae8 13. Bb3 Rb8 14. Ng3 g5 15.
Nh5 Nxh5 16. Qxh5 Kg7 17. Bg3 f5 18. exf5 Rxf5 19. c3 d5 20. d4 Bd6 21. dxe5
Nxe5 22. Bc2 Rf6 23. f4 Qf7 24. Qxf7+ Nxf7 25. Rae1 gxf4 26. Bf2 b6 27. Bd4 Bc5
28. Rxf4 Bxd4+ 29. Rxd4 Kf8 30. Rg4 Ng5 31. h4 Ne6 32. Rg3 Rb7 33. Rge3 Ng7 34.
Re5 a5 35. g3 Rbf7 36. R1e2 Rd6 37. Kg2 Rff6 38. g4 Rde6 39. Kg3 Rxe5 40. Rxe5
Rf1 41. g5 hxg5 42. hxg5 Kf7 43. Kg2 Rc1 44. Re2 Ne6 45. g6+ Kf6 1/2-1/2

[Event "15PCR_F"]
[Site "?"]
[Date "2006.??.??"]
[Round "?"]
[White "Pecina, Pavel"]
[Black "Jirku, Jaroslav"]
[Result "1/2-1/2"]
[WhiteElo "2258"]
[BlackElo "2278"]
[PlyCount "71"]
[EventDate "2006.??.??"]
[SourceDate "2006.08.10"]

1. e4 e5 2. Nf3 Nc6 3. d4 exd4 4. Nxd4 Bc5 5. Nxc6 Qf6 6. Qd2 dxc6 7. Nc3 Qe7
8. Qg5 Bd4 9. Bd3 Nf6 10. Be3 Bxe3 11. Qxe3 O-O 12. O-O Re8 13. Rfe1 Ng4 14.
Qg3 h5 15. e5 h4 16. Qf4 Nxe5 17. Qd4 Qf6 18. Qe4 g5 19. Qh7+ Kf8 20. Ne4 Qg7
21. Qxg7+ Kxg7 22. Nxg5 Bd7 23. h3 f6 24. Ne4 Nxd3 25. cxd3 Rad8 26. Re3 b6 27.
b4 Re5 28. Rc1 a5 29. a3 axb4 30. axb4 Rde8 31. Rc4 Kg6 32. g4 f5 33. gxf5+
Rxf5 34. Kf1 Ref8 35. Ke2 Rf4 36. Rc1 1/2-1/2

[Event "15PCR_F"]
[Site "?"]
[Date "2006.??.??"]
[Round "?"]
[White "Pytlik, Lesek"]
[Black "Hrubcik, Martin"]
[Result "1-0"]
[WhiteElo "2403"]
[BlackElo "2199"]
[PlyCount "71"]
[EventDate "2006.??.??"]
[SourceDate "2006.08.10"]

1. e4 c5 2. Nf3 d6 3. d4 cxd4 4. Nxd4 Nf6 5. Nc3 a6 6. Bg5 e6 7. f4 Qb6 8. Nb3
Nbd7 9. Qf3 Be7 10. O-O-O Qc7 11. Bd3 b5 12. Kb1 Bb7 13. Rhe1 b4 14. Ne2 Rc8
15. Ned4 Nc5 16. g4 O-O 17. Bxf6 Bxf6 18. g5 Bxd4 19. Nxd4 Rfd8 20. h4 e5 21.
Nb3 Ne6 22. f5 Nf4 23. Qf2 a5 24. Bb5 d5 25. exd5 Rxd5 26. Rxd5 Bxd5 27. f6 Be6
28. Ba6 Rd8 29. Nc5 Qd6 30. Bd3 e4 31. Rxe4 Nxd3 32. Nxd3 Qd5 33. Qb6 Qxa2+ 34.
Kc1 Rf8 35. Re5 Ra8 36. Kd2 1-0

[Event "15PCR_F"]
[Site "?"]
[Date "2006.??.??"]
[Round "?"]
[White "Koci, Vladimir"]
[Black "Juhasz, Jozef"]
[Result "1/2-1/2"]
[WhiteElo "2178"]
[BlackElo "2162"]
[PlyCount "97"]
[EventDate "2006.??.??"]
[SourceDate "2006.08.10"]

1. d4 d5 2. Nf3 Nf6 3. Bf4 c5 4. e3 cxd4 5. exd4 Bg4 6. h3 Bxf3 7. Qxf3 Nc6 8.
c3 Qb6 9. b3 Rc8 10. Nd2 e6 11. Be2 Ne7 12. O-O Ng6 13. Be5 Nxe5 14. dxe5 Nd7
15. Qg3 g6 16. Rac1 Bh6 17. Rc2 O-O 18. Kh1 a5 19. f4 f6 20. Qh4 Bg7 21. exf6
Rxf6 22. c4 Nc5 23. Qg4 d4 24. Rcc1 Rcf8 25. g3 h5 26. Qf3 h4 27. Ne4 Nxe4 28.
Qxe4 hxg3 29. Rcd1 Qc6 30. Rxd4 g5 31. Qxc6 bxc6 32. Rd6 gxf4 33. Bf3 c5 34.
Re1 e5 35. Rxf6 Bxf6 36. Rd1 Be7 37. Kg2 Kf7 38. Rd5 Ke6 39. Bg4+ Kf6 40. Bf3
a4 41. Be4 axb3 42. axb3 Rb8 43. Rd3 Rb6 44. h4 Ra6 45. Rd2 Kg7 46. Kf3 Bxh4
47. Rd7+ Kf8 48. Rh7 Be7 49. Kg4 1/2-1/2

[Event "15PCR_F"]
[Site "?"]
[Date "2006.??.??"]
[Round "?"]
[White "Batka, Josef"]
[Black "Jirku, Jaroslav"]
[Result "1/2-1/2"]
[WhiteElo "2260"]
[BlackElo "2278"]
[PlyCount "82"]
[EventDate "2006.??.??"]
[SourceDate "2006.08.10"]

1. e4 e5 2. Nc3 Nc6 3. Bc4 Nf6 4. d3 Bb4 5. Nf3 d5 6. exd5 Nxd5 7. O-O Bxc3 8.
bxc3 O-O 9. Ng5 h6 10. Qf3 Nf6 11. Ne4 Nxe4 12. Qxe4 Na5 13. Bb5 c6 14. Ba4 Re8
15. c4 Rb8 16. Rb1 Bd7 17. Bd2 b5 18. cxb5 cxb5 19. Qd5 a6 20. Rfe1 Nc6 21. Bb3
Qe7 22. f4 Rbc8 23. fxe5 Be6 24. Qe4 Bxb3 25. axb3 Qxe5 26. Qxe5 Rxe5 27. Rxe5
Nxe5 28. Rb2 Nc6 29. b4 Ne7 30. Kf2 f5 31. Kf3 g5 32. h4 gxh4 33. Bxh6 Kf7 34.
Bd2 Ke6 35. Ra2 Kd5 36. Be1 Ng6 37. Bf2 Rc3 38. Be3 Rc6 39. Bc5 Re6 40. Ra1 Rc6
41. Ra3 Re6 1/2-1/2

[Event "15PCR_F"]
[Site "?"]
[Date "2006.??.??"]
[Round "?"]
[White "Batka, Josef"]
[Black "Kotrc, Michal"]
[Result "1/2-1/2"]
[WhiteElo "2260"]
[BlackElo "2204"]
[PlyCount "93"]
[EventDate "2006.??.??"]
[SourceDate "2006.08.10"]

1. e4 c6 2. c4 d5 3. exd5 Nf6 4. d4 cxd5 5. Nc3 g6 6. cxd5 Nxd5 7. Qb3 Nb6 8.
Bb5+ Bd7 9. Nf3 Bg7 10. Ne5 O-O 11. Nxd7 N8xd7 12. Be3 Nf6 13. O-O Nfd5 14. Be2
Qd7 15. a4 a5 16. Bf3 e6 17. Rac1 Rac8 18. Rfd1 h6 19. h3 Rfd8 20. Nb5 Rxc1 21.
Rxc1 Rc8 22. Rxc8+ Qxc8 23. Bd2 Nc4 24. Bc3 Qc6 25. Be2 Ncb6 26. Bxa5 Qc1+ 27.
Bf1 Nd7 28. g3 h5 29. h4 b6 30. Bb4 N7f6 31. Ba3 Ng4 32. Qd3 Qa1 33. Qe2 Ngf6
34. Kg2 Ng4 35. Qf3 Qc1 36. b3 Qa1 37. Bc4 Bxd4 38. Nxd4 Qxd4 39. Bxd5 exd5 40.
Qe2 Qf6 41. Bb2 d4 42. f3 Nh6 43. Qe8+ Kg7 44. f4 Kh7 45. Qd7 Nf5 46. b4 Qh8
47. Qxf7+ 1/2-1/2

[Event "15PCR_F"]
[Site "?"]
[Date "2006.??.??"]
[Round "?"]
[White "Pecina, Pavel"]
[Black "Popelka, Miloslav"]
[Result "0-1"]
[WhiteElo "2258"]
[BlackElo "2147"]
[PlyCount "64"]
[EventDate "2006.??.??"]
[SourceDate "2006.08.10"]

1. e4 c5 2. Nf3 d6 3. Bb5+ Bd7 4. Bxd7+ Qxd7 5. c4 Nc6 6. Nc3 g6 7. d4 cxd4 8.
Nxd4 Bg7 9. Be3 Nf6 10. f3 O-O 11. O-O a6 12. b3 Nxd4 13. Bxd4 b5 14. Nd5 Nxd5
15. cxd5 Bxd4+ 16. Qxd4 Rfc8 17. Qd2 Rc5 18. f4 Rac8 19. f5 Rc2 20. Qf4 f6 21.
Kh1 R8c3 22. Rf3 Rxf3 23. gxf3 g5 24. Qg4 Qa7 25. Qh5 Kg7 26. Qe8 Rf2 27. b4
Rxf3 28. Re1 Rc3 29. Kg2 Rc7 30. Re2 Qd4 31. Qd8 Qd3 32. Kf2 Rc3 0-1

[Event "15PCR_F"]
[Site "?"]
[Date "2006.??.??"]
[Round "?"]
[White "Prchly, Milos"]
[Black "Pytlik, Lesek"]
[Result "0-1"]
[WhiteElo "2269"]
[BlackElo "2403"]
[PlyCount "48"]
[EventDate "2006.??.??"]
[SourceDate "2006.08.10"]

1. d4 Nf6 2. c4 g6 3. Nc3 Bg7 4. e4 d6 5. Be2 O-O 6. Nf3 Na6 7. O-O e5 8. dxe5
dxe5 9. Qc2 Nb4 10. Qb3 Nc6 11. Bg5 h6 12. Rad1 Nd4 13. Nxd4 exd4 14. Bh4 g5
15. Bg3 c5 16. Nd5 Nxe4 17. Bc7 Qd7 18. Bd3 Re8 19. Bb6 Nd6 20. Nc7 axb6 21.
Nxa8 b5 22. Nb6 Qc6 23. Nxc8 bxc4 24. Qxc4 Nxc4 0-1

[Event "15PCR_F"]
[Site "?"]
[Date "2006.??.??"]
[Round "?"]
[White "Jirku, Jaroslav"]
[Black "Kratochvil, Vaclav"]
[Result "1/2-1/2"]
[WhiteElo "2278"]
[BlackElo "2191"]
[PlyCount "88"]
[EventDate "2006.??.??"]
[SourceDate "2006.08.10"]

1. e4 c5 2. Nf3 e6 3. d4 cxd4 4. Nxd4 Nc6 5. Nc3 a6 6. Be2 Nge7 7. f4 Nxd4 8.
Qxd4 b5 9. O-O Bb7 10. f5 Nc6 11. Qf2 Qf6 12. Qg3 Qe5 13. fxe6 dxe6 14. Bf4
Qc5+ 15. Be3 Qe5 16. Qf2 f6 17. Rad1 h5 18. Kh1 h4 19. Bg4 Bd6 20. Qg1 Rd8 21.
Bf4 Bc5 22. Bxe6 Qxc3 23. bxc3 Bxg1 24. Kxg1 Ne5 25. Rd4 Bc6 26. Bc1 Ke7 27.
Bb3 Rd7 28. Rf4 Ke8 29. Ba3 Rh5 30. Be6 Rd8 31. Bb4 Bd7 32. Bf5 h3 33. g3 Rh8
34. Ba5 Ra8 35. Rd5 Bxf5 36. exf5 Kf7 37. Kf2 Nc4 38. Bb4 Rhe8 39. Rd7+ Kg8 40.
Bc5 Rad8 41. Rd3 Rc8 42. Bd4 Nb2 43. Rdf3 Nd1+ 44. Kf1 Rc7 1/2-1/2

[Event "15PCR_F"]
[Site "?"]
[Date "2006.??.??"]
[Round "?"]
[White "Koci, Vladimir"]
[Black "Jirku, Jaroslav"]
[Result "0-1"]
[WhiteElo "2178"]
[BlackElo "2278"]
[PlyCount "58"]
[EventDate "2006.??.??"]
[SourceDate "2006.08.10"]

1. d4 d5 2. Nf3 Nf6 3. Bf4 c5 4. e3 Nc6 5. c3 Qb6 6. Qb3 c4 7. Qxb6 axb6 8. Be2
Bf5 9. O-O e6 10. Nbd2 b5 11. a3 Be7 12. Bg5 h6 13. Bf4 Nd7 14. b4 Nb6 15. Ne5
Na4 16. Rac1 Nxe5 17. Bxe5 O-O 18. f3 Bg5 19. Bf4 Bxf4 20. exf4 Ra7 21. Bd1 Nb2
22. Bc2 Bd3 23. Bxd3 Nxd3 24. Ra1 Nxf4 25. Rfe1 Nd3 26. Re3 Re8 27. g3 g5 28.
Nb1 Ra6 29. Ra2 f6 0-1

[Event "15PCR_F"]
[Site "?"]
[Date "2006.??.??"]
[Round "?"]
[White "Strnad, Martin"]
[Black "Paulik, Vaclav"]
[Result "1-0"]
[WhiteElo "2241"]
[BlackElo "2160"]
[PlyCount "89"]
[EventDate "2006.??.??"]
[SourceDate "2006.08.10"]

1. e4 c5 2. Nf3 d6 3. d4 cxd4 4. Nxd4 Nf6 5. Nc3 a6 6. Bg5 e6 7. f4 Qc7 8. Bxf6
gxf6 9. Qd2 Nc6 10. O-O-O h5 11. Kb1 Bd7 12. f5 Nxd4 13. Qxd4 Be7 14. Bc4 b5
15. Bb3 a5 16. fxe6 fxe6 17. Qd3 a4 18. e5 O-O-O 19. exd6 Qxd6 20. Qxd6 Bxd6
21. Rxd6 axb3 22. cxb3 f5 23. Rc1 Kb7 24. Rcd1 Kc7 25. a4 Bc6 26. Rxd8 Rxd8 27.
Rxd8 Kxd8 28. g3 Kc7 29. axb5 Bf3 30. Na4 e5 31. Kc2 f4 32. Kd2 Bd5 33. gxf4
exf4 34. Nc3 Bg2 35. h4 Kb6 36. b4 Bb7 37. Ne2 f3 38. Nf4 Bc8 39. Nxh5 Bg4 40.
Ng3 f2 41. Nf1 Kxb5 42. Ke3 Kxb4 43. Nd2 f1=N+ 44. Nxf1 Kb3 45. Kf4 1-0

[Event "15PCR_F"]
[Site "?"]
[Date "2006.??.??"]
[Round "?"]
[White "Kratochvil, Vaclav"]
[Black "Koci, Vladimir"]
[Result "1-0"]
[WhiteElo "2191"]
[BlackElo "2178"]
[PlyCount "95"]
[EventDate "2006.??.??"]
[SourceDate "2006.08.10"]

1. e4 c5 2. Nf3 d6 3. d4 cxd4 4. Nxd4 Nf6 5. Nc3 g6 6. Be3 Bg7 7. Be2 O-O 8.
Qd2 Nc6 9. O-O Bd7 10. f4 a6 11. a3 Qc7 12. Nb3 Na5 13. Nxa5 Qxa5 14. Rad1 Bg4
15. Qd3 Rac8 16. Bd4 Bxe2 17. Qxe2 Nd7 18. Nd5 Bxd4+ 19. Rxd4 Rfe8 20. c3 e6
21. Ne3 Qc7 22. Rfd1 Nc5 23. Ng4 Red8 24. e5 d5 25. Nf6+ Kg7 26. f5 gxf5 27.
Qe3 Ne4 28. Nxe4 fxe4 29. Qg5+ Kf8 30. Rf1 Qe7 31. Rf6 Rd7 32. Rd1 Ke8 33. Qg8+
Qf8 34. Qxh7 Kd8 35. Rdf1 Qc5+ 36. Kh1 Qb5 37. a4 Qe2 38. R6f2 Qc4 39. Ra1 Kc7
40. Rxf7 Qc6 41. Rxd7+ Qxd7 42. Qxd7+ Kxd7 43. g4 Rg8 44. Rg1 Rg5 45. h4 Rxe5
46. Kg2 b5 47. axb5 axb5 48. Re1 1-0

[Event "15PCR_F"]
[Site "?"]
[Date "2006.??.??"]
[Round "?"]
[White "Koci, Vladimir"]
[Black "Popelka, Miloslav"]
[Result "1/2-1/2"]
[WhiteElo "2178"]
[BlackElo "2147"]
[PlyCount "92"]
[EventDate "2006.??.??"]
[SourceDate "2006.08.10"]

1. d4 Nf6 2. Nf3 e6 3. Bf4 b6 4. e3 Bb7 5. Nbd2 Be7 6. h3 O-O 7. Bd3 c5 8. c3
cxd4 9. cxd4 Nc6 10. a3 Rc8 11. O-O Nd5 12. Bh2 d6 13. Qe2 Qd7 14. e4 Nc7 15.
b4 d5 16. e5 a6 17. Rfc1 Na7 18. Bc2 Ncb5 19. Qd3 g6 20. Nb1 Nc6 21. Qe3 a5 22.
Ba4 Ncxd4 23. Nbd2 Nxf3+ 24. Nxf3 axb4 25. Qxb6 Rxc1+ 26. Rxc1 Rc8 27. Bf4
Rxc1+ 28. Bxc1 Qc8 29. Bxb5 Qxc1+ 30. Bf1 Qc6 31. Qxc6 Bxc6 32. axb4 Bxb4 33.
Nd4 Ba4 34. Bb5 Bxb5 35. Nxb5 f6 36. exf6 Kf7 37. Kf1 Kxf6 38. Ke2 h5 39. Nd4
e5 40. Nc2 Bc5 41. f3 Kf5 42. Ne1 h4 43. Nd3 Bb4 44. Ke3 e4 45. fxe4+ dxe4 46.
Ne1 Bc5+ 1/2-1/2

[Event "15PCR_F"]
[Site "?"]
[Date "2006.??.??"]
[Round "?"]
[White "Brousek, Jiri"]
[Black "Popelka, Miloslav"]
[Result "1/2-1/2"]
[WhiteElo "2315"]
[BlackElo "2147"]
[PlyCount "151"]
[EventDate "2006.??.??"]
[SourceDate "2006.08.10"]

1. d4 Nf6 2. Nf3 e6 3. e3 c5 4. Bd3 b6 5. O-O Bb7 6. c4 g6 7. Nc3 Bg7 8. dxc5
bxc5 9. e4 O-O 10. Bf4 d6 11. Bc2 e5 12. Bg5 Nc6 13. Nd5 Nd4 14. Nxd4 exd4 15.
Qf3 Bxd5 16. exd5 Re8 17. a3 Rb8 18. Rab1 a5 19. b3 Qe7 20. Bd3 Qd8 21. Qf4 Nh5
22. Qg4 Qc8 23. Qxc8 Rbxc8 24. Bd2 Ra8 25. Rfe1 Rxe1+ 26. Rxe1 Kf8 27. Kf1 f5
28. h3 Nf6 29. Re6 Ra6 30. Bf4 Ne8 31. Bc2 Bf6 32. g4 fxg4 33. hxg4 Be7 34. Re1
Ra7 35. Ke2 Nf6 36. f3 Kf7 37. Rh1 Rb7 38. Bd2 Bd8 39. g5 Nh5 40. Kf2 Kg8 41.
f4 Ng7 42. Ke2 Re7+ 43. Kd1 Rf7 44. Bd3 Nf5 45. Bxf5 Rxf5 46. Re1 Bc7 47. Re6
Kf8 48. b4 axb4 49. axb4 Bb8 50. Ke2 Rf7 51. bxc5 dxc5 52. Rc6 Rc7 53. Ba5 Re7+
54. Kf3 Re3+ 55. Kg4 Kf7 56. Rxc5 Re4 57. Bd2 Re2 58. Rb5 Bd6 59. Bb4 d3 60. c5
Rb2 61. Rb7+ Kg8 62. c6 Bxb4 63. c7 Rc2 64. Rxb4 Rxc7 65. d6 Rc8 66. Rd4 Kf7
67. f5 gxf5+ 68. Kxf5 Rc5+ 69. Kf4 Ke8 70. Rxd3 Rc4+ 71. Kf5 Rh4 72. Rb3 Rh1
73. Rb7 Rh2 74. Re7+ Kd8 75. Rg7 Ke8 76. Re7+ 1/2-1/2

[Event "15PCR_F"]
[Site "?"]
[Date "2006.??.??"]
[Round "?"]
[White "Pytlik, Lesek"]
[Black "Pecina, Pavel"]
[Result "1-0"]
[WhiteElo "2403"]
[BlackElo "2258"]
[PlyCount "69"]
[EventDate "2006.??.??"]
[SourceDate "2006.08.10"]

1. e4 g6 2. d4 Bg7 3. Nf3 d6 4. Nc3 c6 5. Be2 Nf6 6. O-O O-O 7. a4 Qc7 8. Bf4
Nbd7 9. e5 Nh5 10. Bg5 dxe5 11. Bxe7 Re8 12. d5 Bf6 13. d6 Qa5 14. Bxf6 Ndxf6
15. Qd2 Nf4 16. Rfe1 Bg4 17. Rad1 Nxe2+ 18. Rxe2 Qb6 19. Ne4 Nd7 20. Qh6 Bxf3
21. Ng5 Nf8 22. gxf3 Qd8 23. d7 Re7 24. Red2 b6 25. Ne4 Re6 26. h4 Rb8 27. h5
b5 28. a5 b4 29. Qe3 gxh5 30. Qxa7 Rb5 31. a6 Rg6+ 32. Kf1 f5 33. Nd6 Rd5 34.
Rxd5 cxd5 35. Qc5 1-0

[Event "15PCR_F"]
[Site "?"]
[Date "2006.??.??"]
[Round "?"]
[White "Pytlik, Lesek"]
[Black "Brousek, Jiri"]
[Result "1/2-1/2"]
[WhiteElo "2403"]
[BlackElo "2315"]
[PlyCount "132"]
[EventDate "2006.??.??"]
[SourceDate "2006.08.10"]

1. e4 e6 2. d4 d5 3. Nc3 Nf6 4. Bg5 Be7 5. e5 Nfd7 6. Bxe7 Qxe7 7. f4 O-O 8.
Nf3 c5 9. Bd3 f6 10. exf6 Nxf6 11. dxc5 Nbd7 12. Qe2 Nxc5 13. O-O Bd7 14. Ne5
Rac8 15. Qe3 Be8 16. Ne2 Qd6 17. Nd4 a5 18. Rae1 Nfe4 19. Bxe4 Nxe4 20. c4 a4
21. Rd1 Bh5 22. g4 Bg6 23. h4 Rcd8 24. h5 Be8 25. Rfe1 Bd7 26. Kg2 Bc8 27. g5
Qb4 28. Re2 a3 29. bxa3 Qc3 30. Rd3 Qa5 31. Rc2 Rde8 32. Nb5 Re7 33. g6 h6 34.
cxd5 exd5 35. Rxd5 Nf6 36. Rdc5 Be6 37. Nc7 Rxc7 38. Rxa5 Rxc2+ 39. Kg1 Nd5 40.
Qe4 Rc1+ 41. Kh2 Nxf4 42. Nd3 Rc2+ 43. Kh1 Re2 44. Qxf4 Rxf4 45. Nxf4 Re1+ 46.
Kg2 Bd7 47. Kf2 Re8 48. Ra7 Bc6 49. a4 Kf8 50. a5 Re4 51. Nd3 Bd5 52. Nc5 Rf4+
53. Kg3 Rf5 54. Kg4 Rg5+ 55. Kh4 Bxa2 56. Nxb7 Be6 57. a6 Ke8 58. Nd6+ Kf8 59.
Ra8+ Ke7 60. a7 Rg4+ 61. Kh3 Rg5+ 62. Kh2 Rxh5+ 63. Kg3 Rg5+ 64. Kf4 Rg4+ 65.
Ke3 Ra4 66. Nb5 Bd7 1/2-1/2

[Event "15PCR_F"]
[Site "?"]
[Date "2006.??.??"]
[Round "?"]
[White "Paulik, Vaclav"]
[Black "Jirku, Jaroslav"]
[Result "1/2-1/2"]
[WhiteElo "2160"]
[BlackElo "2278"]
[PlyCount "96"]
[EventDate "2006.??.??"]
[SourceDate "2006.08.10"]

1. e4 e5 2. Nf3 Nf6 3. Nxe5 d6 4. Nf3 Nxe4 5. d4 d5 6. Bd3 Nc6 7. O-O Be7 8.
Re1 Bg4 9. c3 f5 10. Qb3 O-O 11. Nbd2 Na5 12. Qa4 Nc6 13. Bb5 Nxd2 14. Nxd2 Rf6
15. Qc2 Bd6 16. h3 Bh5 17. Bd3 Kh8 18. Nf1 f4 19. Qb3 f3 20. Bg5 fxg2 21. Ne3
Qc8 22. Qxd5 Rf3 23. Bf5 Qf8 24. Bh4 Re8 25. Bc2 Qf4 26. Ng4 Rxe1+ 27. Rxe1 Bf7
28. Qe4 Qxe4 29. Rxe4 Rxh3 30. Bg3 Kg8 31. Kxg2 Rh5 32. Ne3 Rg5 33. Rh4 h6 34.
a4 Ne7 35. c4 b6 36. b3 Kf8 37. d5 c6 38. f4 Rh5 39. Rxh5 Bxh5 40. f5 Bc5 41.
d6 Ng8 42. Nf1 Nf6 43. Be5 Be8 44. Ng3 Bd7 45. Kf3 Bb4 46. Kf4 Bd2+ 47. Kf3 Bb4
48. Kf4 Bd2+ 1/2-1/2

[Event "15PCR_F"]
[Site "?"]
[Date "2006.??.??"]
[Round "?"]
[White "Prchly, Milos"]
[Black "Koci, Vladimir"]
[Result "1-0"]
[WhiteElo "2269"]
[BlackElo "2178"]
[PlyCount "37"]
[EventDate "2006.??.??"]
[SourceDate "2006.08.10"]

1. d4 Nf6 2. c4 e6 3. Nc3 d5 4. Bg5 Be7 5. e3 O-O 6. Nf3 Nbd7 7. Rc1 dxc4 8.
Bxc4 c5 9. O-O a6 10. dxc5 Nxc5 11. Qc2 b5 12. Rfd1 Qb6 13. Be2 Rd8 14. Rxd8+
Bxd8 15. e4 b4 16. Na4 Nxa4 17. Qxa4 Bd7 18. Qd1 Ng4 19. Qxd7 1-0

[Event "15PCR_F"]
[Site "?"]
[Date "2006.??.??"]
[Round "?"]
[White "Prchly, Milos"]
[Black "Batka, Josef"]
[Result "1-0"]
[WhiteElo "2269"]
[BlackElo "2260"]
[PlyCount "87"]
[EventDate "2006.??.??"]
[SourceDate "2006.08.10"]

1. d4 Nf6 2. c4 c5 3. d5 b5 4. cxb5 a6 5. bxa6 Bxa6 6. Nc3 d6 7. e4 Bxf1 8.
Kxf1 g6 9. Nf3 Bg7 10. h3 O-O 11. Kg1 Nbd7 12. Kh2 Qa5 13. Re1 Rfb8 14. Re2 Rb4
15. Kg1 Ne8 16. Rc2 Bxc3 17. bxc3 Rxe4 18. c4 Qa4 19. Qd3 Nef6 20. Bb2 Rb8 21.
Rac1 Qa6 22. Nd2 Ne5 23. Qc3 Rd4 24. Qe3 Qa7 25. Ba1 Ne8 26. Bxd4 cxd4 27. Qh6
d3 28. Rc3 Qxa2 29. Rd1 Ng7 30. Rcc1 Qa7 31. Qf4 Nh5 32. Qh4 Rb2 33. c5 dxc5
34. d6 exd6 35. Qd8+ Kg7 36. Qxd6 f6 37. Rxc5 Qa4 38. Qe7+ Kh6 39. Re1 Qd7 40.
Rcxe5 Qxe7 41. Rxe7 Rxd2 42. g3 f5 43. R7e6 Kg5 44. Kg2 1-0

[Event "15PCR_F"]
[Site "?"]
[Date "2006.??.??"]
[Round "?"]
[White "Koci, Vladimir"]
[Black "Brousek, Jiri"]
[Result "0-1"]
[WhiteElo "2178"]
[BlackElo "2315"]
[PlyCount "114"]
[EventDate "2006.??.??"]
[SourceDate "2006.08.10"]

1. d4 e6 2. Nf3 d5 3. Bf4 Be7 4. e3 Nf6 5. h3 O-O 6. Nbd2 c5 7. c3 Bd6 8. Bxd6
Qxd6 9. Bd3 Nbd7 10. Rc1 b6 11. O-O Bb7 12. Qa4 Bc6 13. dxc5 Nxc5 14. Qd4 Nxd3
15. Qxd3 Rac8 16. c4 Qb8 17. cxd5 Nxd5 18. Nd4 Bb7 19. a3 Rfd8 20. Rxc8 Qxc8
21. Qe4 Ne7 22. Qb1 Qd7 23. Rc1 e5 24. N4f3 f6 25. Qc2 Rc8 26. Qb3+ Bd5 27.
Rxc8+ Nxc8 28. Qd3 Qc6 29. e4 Be6 30. Kh2 Kf7 31. Qd8 Qc5 32. b4 Qd6 33. Qh8 h6
34. Nc4 Qc7 35. Ne3 Qc6 36. Nd2 Qc7 37. Nf3 Qb7 38. Nd2 Nd6 39. Qd8 Qd7 40.
Qxd7+ Bxd7 41. Nd5 Nb5 42. Nb1 Be6 43. Ndc3 Nd4 44. g4 Ke7 45. Kg3 Kd6 46. f4
a5 47. f5 axb4 48. axb4 Bb3 49. Kf2 Nc2 50. Nb5+ Kd7 51. N1c3 Nxb4 52. Ke3 Kc6
53. Kd2 Bc4 54. Na3 Bf1 55. h4 Kc5 56. Ke3 b5 57. Ncb1 Bc4 0-1

[Event "15PCR_F"]
[Site "?"]
[Date "2006.??.??"]
[Round "?"]
[White "Pecina, Pavel"]
[Black "Kotrc, Michal"]
[Result "0-1"]
[WhiteElo "2258"]
[BlackElo "2204"]
[PlyCount "78"]
[EventDate "2006.??.??"]
[SourceDate "2006.08.10"]

1. e4 c6 2. d4 d5 3. Nc3 dxe4 4. Nxe4 Nf6 5. Nxf6+ exf6 6. g3 Bd6 7. Bg2 O-O 8.
Ne2 Re8 9. O-O Bg4 10. Re1 Na6 11. a3 Nc7 12. c4 Ne6 13. h3 Bxe2 14. Rxe2 Be5
15. d5 cxd5 16. cxd5 Nd4 17. Re4 Rc8 18. Kh2 Nf5 19. f4 Bd6 20. Qd3 Qb6 21. Bd2
Qxb2 22. Rxe8+ Rxe8 23. Rb1 Qa2 24. Rxb7 g6 25. Rb3 a5 26. Rc3 a4 27. Rc4 Rb8
28. Rc2 Rb2 29. Rxb2 Qxb2 30. Be4 h5 31. Bxf5 gxf5 32. Kg2 Qxa3 33. Qxa3 Bxa3
34. Kf3 Bd6 35. Bc3 a3 36. g4 fxg4+ 37. hxg4 hxg4+ 38. Kxg4 Bf8 39. Kf5 a2 0-1